00646nam a2200229 a 4500001001300000003000900013005001700022008004100039020001000080082001500090100001700105245001800122260004700140500003500187505001000222650002100232700001700253902000800270942000700278952011600285999001500401nice12345678IN_TiNIC20260116012333.0050524s1914 laha grp 000 0 urd  ac10000a297.4bCHA aChananudin,  aHasht Bihisht aLahorebAllah Waaley Ki Qawmi Dukaanc1914 aincludes index and biblioraphy2 aIndex aSufism-Malfoozat1 aChananudin,  bSRS cBK 001040708StackRoom-aHMIbHMId2007-08-09g100.00l0o297.4 CHAp013368r2007-08-09v100.00w2005-05-24yBK c6615d6615